Heritage Trees Bill 2023 (Record no. 121731)
[ view plain ]
| 000 -LEADER | |
|---|---|
| fixed length control field | 00800nam a22002297a 4500 |
| 008 - FIXED-LENGTH DATA ELEMENTS--GENERAL INFORMATION | |
| fixed length control field | 231211s2023 xxk|||||ol|||o00| 0 eng d |
| 041 ## - LANGUAGE CODE | |
| Language code of text/sound track or separate title | eng |
| 110 ## - MAIN ENTRY--CORPORATE NAME | |
| Corporate author | Parliament |
| 245 ## - TITLE STATEMENT | |
| Title | Heritage Trees Bill 2023 |
| 260 ## - PUBLICATION INFORMATION | |
| Date | 2023 |
| 520 ## - ABSTRACT | |
| Abstract | Long title: A Bill to promote the protection and stewardship of heritage trees in England; and for connected purposes. |
| 520 ## - ABSTRACT | |
| Abstract | Private Members' Bill (starting in the House of Lords) |
| 650 ## - KEYWORDS | |
| Keywords | TREES |
| 650 ## - KEYWORDS | |
| Keywords | PLANNING |
| 650 ## - KEYWORDS | |
| Keywords | TOWN AND COUNTRY PLANNING ACT 1990 |
| 651 ## - SUBJECT ADDED ENTRY--GEOGRAPHIC NAME | |
| Geographic name | England |
| 651 ## - SUBJECT ADDED ENTRY--GEOGRAPHIC NAME | |
| Geographic name | Wales |
| 690 ## - BROAD SUBJECT | |
| 9 (RLIN) | 6238 |
| Broad subject | Environment |
| 856 ## - ONLINE RESOURCE | |
| Uniform Resource Identifier | <a href="https://bills.parliament.uk/publications/53248/documents/4109">https://bills.parliament.uk/publications/53248/documents/4109</a> |
| Public note | Bill as enacted |
| 856 ## - ONLINE RESOURCE | |
| Uniform Resource Identifier | <a href="https://bills.parliament.uk/bills/3536">https://bills.parliament.uk/bills/3536</a> |
| Public note | Progress of Bill page |
| 942 ## - ADDED ENTRY ELEMENTS (KOHA) | |
| Suppress in OPAC | Do not suppress in OPAC |
| Lost status | Damaged status | Not for loan | Home library | Current library | Shelving location | Date acquired | Total Checkouts | Full call number | Date last seen | Price effective from | Koha item type |
|---|---|---|---|---|---|---|---|---|---|---|---|
| Virtual | Virtual | Online | 11/12/2023 | LEGISLATION | 11/12/2023 | 11/12/2023 | Online material |